Design and analysis of experiments, 7th ed (Record no. 321364)

000 -LEADER
fixed length control field 00365 a2200133 4500
001 - CONTROL NUMBER
control field 86291
082 ## - DEWEY DECIMAL CLASSIFICATION NUMBER
Classification number 519.57 MON
090 ## - LOCALLY ASSIGNED LC-TYPE CALL NUMBER (OCLC); LOCAL CALL NUMBER (RLIN)
-- 40556
-- 40556
100 ## - MAIN ENTRY--PERSONAL NAME
Personal name montgomery, C Douglas
245 ## - TITLE STATEMENT
Title Design and analysis of experiments, 7th ed
Remainder of title international student version
250 ## - EDITION STATEMENT
Edition statement 7
260 ## - PUBLICATION, DISTRIBUTION, ETC.
Place of publication, distribution, etc. NY
Name of publisher, distributor, etc. John Wilet & Sons
Date of publication, distribution, etc. 2009
300 ## - PHYSICAL DESCRIPTION
Extent xvii, 656p
Other physical details indian ed
942 ## - ADDED ENTRY ELEMENTS (KOHA)
Institution code [OBSOLETE] NUST-CAE
Call number prefix 519.57 MON
Holdings
Withdrawn status Lost status Damaged status Not for loan Collection code Permanent Location Current Location Date acquired Total Checkouts Full call number Barcode Date last seen Price effective from Koha item type
          College of Aeronautical Engineering (CAE) College of Aeronautical Engineering (CAE) 04/03/2017   519.57 MON CAE85316 04/05/2017 04/05/2017 Book
© 2023 Central Library, National University of Sciences and Technology. All Rights Reserved.